Statistiques concernant Culture Générale - Série 401

Cliquez ici pour prendre le quiz!

Statistiques générales

  • Ce quiz a été pris 119 fois
  • Le résultat moyen est 8 sur 10

Statistiques - réponses

QuestionRéponse% Correct
Quelle couleur primaire doit-on mélanger au bleu pour obtenir du vert ?Le jaune
98%
Quel était le prénom de l'ingénieur français Eiffel ?Gustave
97%
Comment appelle-t-on le nombre par lequel on doit multiplier le diamètre d'un cercle pour obtenir son périmètre ?Pi
92%
Quel "divin marquis" est à l'origine du mot "sadisme" ?Sade
87%
Par quel nom d'animal surnomme-t-on le chanteur Christophe Willem ?La tortue
73%
Quel pilote français de Formule 1 est surnommé "le Professeur" ?Alain Prost
72%
Dans quelle comédie musicale peut-on entendre la chanson "Le Monde est stone" ?Starmania
69%
Quel célèbre sculpteur français a réalisé "Les Bourgeois de Calais" en 1895 ?Auguste Rodin
69%
Quel humoriste a célébré son faux mariage avec Coluche en 1985 ?Thierry Le Luron
65%
Pour quel ouvrage Margaret Mitchell se vit-elle décerner le prix Pulitzer du roman en 1937 ?Autant en emporte le vent
37%

Distribution des résultats

Percentile par nombre de réponses

% des personnes avec chaque résultat

Votre développement - résultats

Vous n’avez pas pris ce quiz